[Event "Copenhagen Challenge GM 2020"]
[Site "Ballerup"]
[Date "2020.07.22"]
[Round "1.1"]
[White "Olsen, Filip Boe"]
[Black "Haldorsen, Benjamin"]
[Result "1/2-1/2"]
[WhiteElo "2353"]
[BlackElo "2458"]
[Annotator "TA"]
[PlyCount "121"]
[EventDate "2020.07.22"]
[EventType "tourn"]
[EventCountry "DEN"]
[SourceTitle "playchess.com"]
[Source "ChessBase"]
[SourceQuality "1"]

{[%evp 9,121,17,23,20,31,22,23,21,29,15,14,29,33,0,21,6,3,-5,30,0,34,36,81,60,43,12,97,91,120,81,131,127,116,74,223,212,252,194,199,52,75,72,83,16,13,23,108,101,123,30,35,29,34,26,41,27,42,42,42,42,47,25,93,62,66,57,111,39,56,0,0,0,0,0,0,0,0,0,0,0,58,23,43,0,0,0,0,0,0,0,0,0,0,-3,-3,-3,-3,-3,-3,-3,-3,-3,-3,-3,-3,-3,0,0,0,0,0,0,0,0]} 1. d4 e6 2. Bf4 f5 3. e3 Nf6 4. Nf3 b6 5. Bd3 Bb7 6. h3 {A80: Dutch Defence: Unusual White second moves.} g6 7. Nbd2 Bg7 8. c3 {White has an edge.} O-O 9. Qc2 d6 {[#]} 10. O-O $146 ({Predecessor:} 10. Bg5 Nbd7 11. O-O-O e5 12. dxe5 dxe5 13. Bc4+ Kh8 14. h4 Qe8 15. Bxf6 Rxf6 16. Nb3 {½-½ (27) Langer,M (1986)-Pollmann,S (2025) Verden 2010}) 10... Nh5 11. Bc4 Qe7 12. Qb3 Re8 13. Ng5 {[%cal Rc4e6]} Bc8 14. Ngf3 h6 15. Bh2 Kh7 16. Bb5 $36 {[%mdl 2048] White fights for an advantage.} Rf8 17. e4 f4 (17... fxe4 $1 $11 18. Nxe4 Bb7) 18. e5 $16 dxe5 19. dxe5 ({Don't do} 19. Nxe5 $6 Bxe5 20. dxe5 Bb7 $14) 19... Ba6 20. Bxa6 Nxa6 21. Ne4 c5 (21... Rad8 $16) 22. Rad1 $18 Rad8 23. Qa4 Nb8 {[%cal Ba6b8,Bb8c6,Bc6b4][%mdl 32] [#]} 24. b4 (24. Rxd8 $1 $18 Qxd8 25. Rd1 (25. Qxa7 Nc6 $14)) 24... cxb4 $14 25. cxb4 Rd5 26. Nc3 (26. Rxd5 $16 exd5 27. Nc3) 26... Rxd1 $11 27. Rxd1 Rc8 (27... Rd8 $11) 28. Ne2 $16 Nc6 29. Nxf4 (29. Bxf4 $16 Nxf4 30. Nxf4) 29... Nxf4 $11 30. Bxf4 Qxb4 31. Qxb4 Nxb4 32. Rd7 Nd5 33. Bd2 Rc7 34. Rd6 Re7 35. Rd8 g5 (35... Rf7 $11 {remains equal.}) 36. h4 g4 37. Nd4 Kg6 ({Black should try} 37... a5 $14) 38. Kf1 (38. f4 $16) 38... Kf7 $14 39. Nb5 ({Better is} 39. h5 $14) 39... Bxe5 40. Bxh6 a6 41. Nd6+ Bxd6 42. Rxd6 $11 {[%mdl 4096] Endgame KRB-KRN} Rc7 {[#] Threatens to win with ...Ke7.} 43. Bg5 a5 44. a4 Rb7 (44... Rc4 $11) 45. h5 $14 Nf6 {Hoping for ...Ne4.} 46. Bxf6 Kxf6 {KR-KR. The position is equal.} 47. h6 b5 48. axb5 Rxb5 49. Ra6 Rh5 50. Ke2 Re5+ 51. Kd2 Kg6 52. f4 gxf3 53. gxf3 Kxh6 54. f4 Re4 55. f5 Kg5 56. fxe6 Kf6 57. Kc3 Rxe6 58. Rxe6+ Kxe6 59. Kb3 Kd6 60. Ka4 Kc6 61. Kxa5 {Accuracy: White = 66%, Black = 69%.} 1/2-1/2

[Event "Copenhagen Challenge GM 2020"]
[Site "Ballerup"]
[Date "2020.07.22"]
[Round "1.2"]
[White "Rostgaard, Tobias Valentin"]
[Black "Grandelius, Nils"]
[Result "0-1"]
[WhiteElo "2372"]
[BlackElo "2651"]
[Annotator "TA"]
[PlyCount "104"]
[EventDate "2020.07.22"]
[EventType "tourn"]
[EventCountry "DEN"]
[SourceTitle "playchess.com"]
[Source "ChessBase"]
[SourceQuality "1"]

{[%evp 13,104,12,23,0,14,0,6,0,6,0,0,0,0,0,0,-19,-22,-22,-26,-25,-20,-16,-18,-20,-20,-54,-27,-38,-27,-27,-27,-27,-12,-27,-27,-27,-18,-26,-21,-54,-45,-50,-13,-19,-9,-13,-9,-30,-30,-30,-30,-30,-30,-30,-30,-94,-92,-113,-110,-102,-110,-102,-88,-91,-44,-168,-171,-167,-152,-209,-204,-204,-191,-192,-201,-210,-185,-150,-129,-318,-299,-529,-497,-400,-304,-1076,-1051,-951,-950,-652,-648,-1186,-1051]} 1. e4 c6 2. d4 d5 3. exd5 cxd5 4. c4 Nf6 5. Nc3 Nc6 6. Nf3 a6 7. cxd5 Nxd5 8. Bc4 {B13: Caro-Kann: Exchange Variation and Panov-Botvinnik Attack.} Be6 {Strongly threatening ...Nxc3.} 9. Bb3 Na5 10. Ng5 {The position is equal.} Qd7 {[#]} 11. Nxe6 $146 ({Predecessor:} 11. O-O Nxb3 12. axb3 Bg4 13. Qd3 e6 14. Re1 Be7 15. Qg3 Bf5 16. Nf3 O-O 17. Ne5 {0-1 (47) Huschenbeth,N (2620)-Matuszewski,M (2518) Katowice 2019}) 11... Qxe6+ 12. Kf1 Nxb3 13. Qxb3 Rd8 14. Nxd5 (14. Qxb7 {is interesting.} Nxc3 15. bxc3 Qc4+ 16. Kg1 Qxc3 17. Qxa6 Rb8 18. Qa4+) 14... Qxd5 15. Qxd5 Rxd5 16. Be3 e6 17. Rc1 Kd7 18. Ke2 Bd6 19. Rhd1 h5 ({Stronger than} 19... Bxh2 20. g3 $16) 20. h3 h4 21. Rc3 Rb5 22. Rc2 Rg8 23. Rd3 f6 24. a4 Rc8 25. Kd1 Ra5 26. b3 Rxc2 27. Kxc2 $15 {[%mdl 4096] Endgame KRB-KRB} Rh5 28. Rc3 Rh8 29. Kd3 b5 30. axb5 axb5 31. Rc1 Ra8 32. Rc2 Ra3 33. Kc3 $1 Ra1 34. Rc1 (34. Bc1 $11 {remains equal.}) 34... Ra2 $17 35. Rc2 {[#]} Bb4+ $1 {[%mdl 512]} 36. Kd3 (36. Kxb4 Rxc2) 36... Ra3 37. Rb2 Ra1 38. Ke4 f5+ 39. Kf4 ({White should try} 39. Kd3 $15) 39... Bc3 $19 40. Rc2 b4 41. Bd2 (41. Rc1 $17 {was worth a try.} Ra2 42. Rg1) 41... Bxd2+ ({Not} 41... Bxd4 42. Bxb4 Bf6 43. Rd2+ Ke8 44. Bd6 $15) 42. Rxd2 {[#] KR-KR} Kd6 $1 43. d5 exd5 44. Kxf5 Rb1 45. Rd3 Kc5 46. Kf4 $2 {[#] Now White is beyond hope.} (46. g3 $17 {might work better.}) 46... Rb2 $1 47. Kf3 $2 (47. Rf3 {keeps fighting.} Rc2 48. Ke5) 47... d4 48. g3 hxg3 49. fxg3 $2 (49. Kxg3 Rc2 50. Kf3) 49... Kd5 {Black is clearly winning.} 50. h4 Rc2 51. Kf4 Rc3 52. Rf3 d3 {Accuracy: White = 66%, Black = 90%.} 0-1

[Event "Copenhagen Challenge GM 2020"]
[Site "Ballerup"]
[Date "2020.07.22"]
[Round "1.3"]
[White "Jacobsen, Mikkel Manosri"]
[Black "Hector, Jonny"]
[Result "0-1"]
[WhiteElo "2316"]
[BlackElo "2476"]
[Annotator "TA"]
[PlyCount "78"]
[EventDate "2020.07.22"]
[EventType "tourn"]
[EventCountry "DEN"]
[SourceTitle "playchess.com"]
[Source "ChessBase"]
[SourceQuality "1"]

{[%evp 11,78,16,19,4,12,13,31,31,57,21,8,9,18,9,8,0,14,0,10,-15,-12,-2,0,-8,6,-72,-45,-39,-37,-45,-45,-45,-38,-41,-40,-108,-118,-98,-66,-73,-43,-57,-22,-33,-12,-10,0,0,-13,-14,39,0,0,0,0,-27,-30,-27,-27,-28,-27,-39,-29,-30,-35,-595,-600,-1462,-1447]} 1. d4 d5 2. c4 c6 3. Nf3 Nf6 4. e3 Bg4 5. Nc3 e6 6. h3 Bh5 7. Qb3 {D11: Slav Defence: 3 Nf3 sidelines and 3...Nf6 4 e3 Bg4.} Qc7 8. Ne5 Nfd7 9. Nd3 {[#] White is slightly better.} f5 $146 ({Predecessor:} 9... Bg6 10. Nf4 Nb6 11. cxd5 exd5 12. Nxg6 hxg6 13. Bd3 Be7 14. O-O N8d7 15. a4 a5 {1-0 (53) Rahman,Z (2496)-Ansell,S (2374) London 2013}) 10. g4 (10. cxd5 {keeps more tension.} cxd5 11. Bd2 Nc6 12. Rc1 Bf7 13. g4) 10... dxc4 11. Qxc4 Bf7 12. Qa4 Be7 13. Bd2 O-O 14. Bg2 a5 15. O-O Na6 {[%cal Bb8a6,Ba6b4,Bb4d3][%mdl 32]} 16. f4 Nb4 17. Nf2 Bh4 18. a3 (18. Qd1 $11) 18... Nb6 19. Qd1 $1 Bxf2+ $1 20. Rxf2 Nd3 {[%mdl 64] [#] Double Attack} 21. Re2 Nxb2 22. Qc2 N2c4 23. Bc1 (23. Na4 $15) 23... Nd5 $17 24. Na4 {[%cal Bc3a4,Ba4c5,Bc5d3,Bd3e5][%mdl 32]} Nd6 25. Nc5 Qe7 26. Nd3 a4 27. Bd2 Nb5 28. Qb2 Rfd8 29. Ne5 Be8 30. Ree1 c5 ({Better is} 30... b6 $11) 31. dxc5 Qxc5 32. gxf5 exf5 33. Bb4 Nxb4 34. axb4 Qc3 35. Qa2+ Kh8 36. Qe6 Qxb4 37. Qxf5 {aiming for Rab1.} ({Of course not} 37. Bxb7 Nd4 $17) 37... Qe7 38. Bxb7 $2 {[%mdl 8192]} (38. Qe4 $1 $15 Qd6 39. Bf1 (39. Qxb7 Ra7 $11)) 38... Nd6 $19 {[%mdl 64] [#] Double Attack} 39. Nc6 Bxc6 {Accuracy: White = 65%, Black = 81%.} (39... Nxf5 $2 40. Nxe7 Nxe7 41. Bxa8 $19) 0-1

[Event "Copenhagen Challenge GM 2020"]
[Site "Ballerup"]
[Date "2020.07.22"]
[Round "1.4"]
[White "Thybo, Jesper Sondergaard"]
[Black "Haubro, Martin"]
[Result "1-0"]
[WhiteElo "2590"]
[BlackElo "2437"]
[Annotator "TA"]
[PlyCount "53"]
[EventDate "2020.07.22"]
[EventType "tourn"]
[EventCountry "DEN"]
[SourceTitle "playchess.com"]
[Source "ChessBase"]
[SourceQuality "1"]

{[%evp 17,53,20,17,7,8,18,10,5,39,35,40,33,35,34,29,33,54,52,56,47,66,65,118,115,267,272,974,968,2080,2043,1988,1960,1793,1748,29992,29993,29993,29994]} 1. c4 e6 2. Nf3 d5 3. d4 Nf6 4. g3 Bb4+ 5. Bd2 Be7 6. Bg2 O-O 7. O-O c6 8. Qc2 Ne4 9. Bf4 Nd7 10. h4 {E08: Closed Catalan: Main Line: 7 Qc2.} h6 11. Nc3 f5 12. Nxe4 {The position is equal.} fxe4 13. Ne5 Nxe5 14. Bxe5 Bd6 15. f3 Bxe5 16. dxe5 Qb6+ 17. Kh2 {[#]} Qc5 $146 ({Predecessor:} 17... Bd7 18. fxe4 Qc5 19. Qb3 Qxc4 20. Qxb7 Rfd8 21. Rf4 Qxe2 22. Raf1 Qh5 23. Qc7 d4 {1-0 (51) Xiong,J (2663)-Le,Q (2715) Saint Louis 2019}) 18. Rac1 exf3 19. exf3 dxc4 ({Black should play} 19... Bd7 $14) 20. f4 $16 {And now Qg6 would win.} b5 $2 (20... Bd7 $16 {was necessary.}) 21. Qg6 $18 Rd8 $2 (21... Bd7 22. Be4 Rf5) 22. Rcd1 Bd7 {[#]} 23. Be4 $1 {[%mdl 512] Intending Qh7+ and mate.} Be8 24. Qh7+ ({Not} 24. Qxe6+ Kf8 $18) 24... Kf8 25. Qh8+ Kf7 26. f5 Rxd1 27. f6 {Black got outplayed after the opening. Accuracy: White = 100%, Black = 43%.} 1-0

[Event "Copenhagen Challenge GM 2020"]
[Site "Ballerup"]
[Date "2020.07.22"]
[Round "1.5"]
[White "Antonsen, Mikkel"]
[Black "Johansson, Linus"]
[Result "1-0"]
[WhiteElo "2376"]
[BlackElo "2476"]
[Annotator "TA"]
[PlyCount "91"]
[EventDate "2020.07.22"]
[EventType "tourn"]
[EventCountry "DEN"]
[SourceTitle "playchess.com"]
[Source "ChessBase"]
[SourceQuality "1"]

{[%evp 13,91,0,2,0,5,7,0,0,0,5,31,33,31,49,46,48,36,31,36,20,24,0,16,0,0,-9,-10,-19,-12,-12,-12,-12,-12,-15,-15,-8,-17,-17,-2,-2,-2,-19,-31,-22,8,8,8,8,272,261,532,529,520,499,554,560,546,558,596,571,596,547,628,603,683,670,667,655,656,666,655,635,1425,718,702,695,683,671,4943,1885]} 1. c4 Nf6 2. Nc3 e5 3. Nf3 Nc6 4. e4 Bc5 5. Nxe5 Nxe5 6. d4 Bb4 7. dxe5 Nxe4 $1 8. Qf3 $1 {[%mdl 4] now scores much better than the old 8.Qd4. A28: English Opening: Four Knights Variation.} Nxc3 9. bxc3 Ba5 10. Be2 {The position is equal.} d6 11. Qg3 {[#] And now 0-0 would win.} Qe7 $146 ({Predecessor:} 11... O-O 12. Bh6 Bxc3+ 13. Qxc3 gxh6 14. Rd1 Qe7 15. Qg3+ Qg5 16. exd6 cxd6 17. Rd5 Qxg3 18. hxg3 {½-½ (25) Tleptsok,R (2538)-Freeman,M (2528) ICCF email 2017}) 12. exd6 cxd6 13. Qxg7 Qe5 14. Qxe5+ dxe5 15. Bd2 Be6 16. O-O Rc8 17. Rab1 b6 $1 18. Rfe1 O-O 19. Bf1 f6 20. Bh6 Rfd8 21. Re3 Kf7 22. Rg3 Rg8 23. Rxg8 Kxg8 24. Rd1 Kf7 25. Rd3 $1 Kg6 26. Bd2 Bxc4 27. Rd7 a6 28. Ra7 Bxa2 {[#] aiming for ...Rd8.} 29. Bd3+ f5 {Strongly threatening ...Rd8.} 30. g4 Be6 $2 {[%mdl 8192] Loses the game.} (30... e4 $1 $11 {and Black has nothing to worry.} 31. gxf5+ Kxf5 32. Bxa6 Rd8) 31. Re7 $18 e4 $2 (31... Bc4 32. Bxf5+ {[%mdl 64] Double Attack} Kf6) 32. Rxe6+ {White is clearly winning.} Kf7 33. Bxa6 Rg8 34. Rc6 {[#] Hoping for Bc4+.} Rxg4+ 35. Kf1 f4 36. Bc4+ Kg7 37. Be6 Rh4 38. h3 b5 39. Bg4 h5 40. Bf5 e3 41. fxe3 fxe3 42. Bxe3 Bd8 43. Bd4+ Kf8 44. Ke2 Rf4 45. Bd3 Rh4 46. Rc8 {Accuracy: White = 93%, Black = 55%.} 1-0

[Event "Copenhagen Challenge GM 2020"]
[Site "Ballerup"]
[Date "2020.07.23"]
[Round "2.1"]
[White "Grandelius, Nils"]
[Black "Jacobsen, Mikkel Manosri"]
[Result "1-0"]
[WhiteElo "2651"]
[BlackElo "2316"]
[Annotator "TA"]
[PlyCount "75"]
[EventDate "2020.07.22"]
[EventType "tourn"]
[EventCountry "DEN"]
[SourceTitle "playchess.com"]
[Source "ChessBase"]
[SourceQuality "1"]

{[%evp 17,75,25,38,25,58,31,37,31,34,36,33,33,38,36,41,26,27,27,33,31,31,43,39,36,24,44,37,41,65,60,56,51,87,63,63,56,145,129,162,161,303,300,302,308,649,649,581,0,270,257,904,892,883,879,841,503,492,492,491,493]} 1. e4 c6 2. d4 d5 3. exd5 cxd5 4. Bd3 Nc6 5. c3 Nf6 6. h3 g6 7. Nf3 Bg7 8. O-O O-O {8...Bf5 injects fresh life into this line.} 9. Re1 Qc7 10. Be3 {B13: Caro-Kann: Exchange Variation and Panov-Botvinnik Attack.} Nd7 {[#]} 11. Bf1 $146 ({Predecessor:} 11. Nbd2 a6 12. Rc1 b5 13. a4 bxa4 14. c4 Nb4 15. cxd5 Qa5 16. Nc4 Qxd5 17. Bb1 {0-1 (47) Sremanak,S (2179)-Prielozny,S (2163) Slovakia 2007}) 11... a6 12. Nbd2 {White is slightly better.} b6 13. Nb3 Bb7 14. Qd2 Rfe8 15. Bh6 Bh8 16. Re3 Nf6 17. Bd3 Ne4 18. Bxe4 dxe4 19. Rxe4 Na5 20. Re2 Bxf3 21. gxf3 Nc4 22. Qf4 e5 23. dxe5 $1 Rxe5 24. Kg2 b5 25. Nd4 Qd6 26. Rxe5 Bxe5 ({Better is} 26... Qxe5 $14 27. Nc6 Qe6) 27. Qe4 $16 Rc8 28. Re1 $1 $40 {[%mdl 128] And now b3 would win. White is out for blood.} f5 (28... Qd7 $142 29. b3 Bxd4) 29. Qb7 $18 {Rxe5 would kill now.} Rb8 30. Qa7 {White wants to mate with Rxe5.} Qb6 $2 (30... Qc7 31. Qxa6 Qb6 32. Qxb6 Rxb6) 31. Qe7 Qd6 {[#]} 32. Qa7 $2 ({White has to play} 32. Rxe5 $1 $18 {[%mdl 512]} Qxe5 (32... Nxe5 33. Qg7#) 33. Ne6) 32... Qc7 $2 {[%mdl 8192]} (32... Qb6 $1 $11 {and Black has nothing to worry.} 33. Qxb6 Rxb6) 33. Qxa6 Rb6 $2 (33... Qb6 34. Qxb6 Rxb6) 34. Qa8+ {White is clearly winning.} Rb8 35. Qd5+ {[%mdl 64] Double Attack} Qf7 36. Qxf7+ Kxf7 37. Nc6 $1 {[%csl LRb8,LRe5]} Re8 38. b3 {Accuracy: White = 83%, Black = 55%.} 1-0

[Event "Copenhagen Challenge GM 2020"]
[Site "Ballerup"]
[Date "2020.07.23"]
[Round "2.2"]
[White "Haubro, Martin"]
[Black "Antonsen, Mikkel"]
[Result "0-1"]
[WhiteElo "2437"]
[BlackElo "2376"]
[Annotator "TA"]
[PlyCount "72"]
[EventDate "2020.07.22"]
[EventType "tourn"]
[EventCountry "DEN"]
[SourceTitle "playchess.com"]
[Source "ChessBase"]
[SourceQuality "1"]

{[%evp 13,72,15,14,16,17,13,33,18,26,29,27,21,49,22,104,102,90,114,78,-14,-5,-9,-4,-3,0,-46,-35,-54,-58,-58,-26,-37,-20,-16,-17,-25,0,0,0,0,0,-39,-39,-52,-57,-83,-76,-226,-66,-55,-47,-50,0,-43,-25,-129,0,0,0,-1009,121]} 1. e4 e5 2. Bc4 Nf6 3. d3 Bc5 4. Nf3 Nc6 5. O-O d6 6. a4 O-O 7. c3 a6 8. Re1 {C54: Giuoco Piano: 4 c3 Nf6, main lines with 5 d4 and 5 d3.} h6 9. Nbd2 {[%cal Bb1d2,Bd2f1,Bf1g3][%mdl 32]} Re8 10. Nf1 {White is slightly better.} Ba7 11. Ng3 d5 12. exd5 Nxd5 13. d4 Nb6 (13... Nf6 $11) 14. Bb3 $1 $16 exd4 15. Rxe8+ Qxe8 {[#]} 16. a5 $146 ({Of course not} 16. Nxd4 $6 Nxd4 17. cxd4 Be6 $11) (16. cxd4 $6 Be6 $15) (16. Qd3 $16) ({Predecessor:} 16. Qd3 Qf8 17. Bc2 g6 18. Bb3 Qg7 19. Nxd4 Na5 20. Bc2 c5 21. Nf3 Be6 22. Bf4 {½-½ (40) Adhiban,B (2668)-Olafsson,H (2510) Douglas 2018}) 16... Nd7 $36 {[%mdl 2048] Black has some pressure.} 17. cxd4 Nf6 18. h3 Be6 {Threatens to win with ...Bxb3.} 19. Bf4 Nd5 20. Bxd5 Bxd5 21. Bxc7 Qe7 22. Be5 {aiming for Bxg7!} f6 {[%mdl 1024] Black has compensation.} 23. Bf4 $1 Qd7 24. Be3 Re8 25. Nh4 Be6 {[%cal Ra7d4]} 26. Qh5 Bf7 27. Qf3 Nxd4 28. Bxd4 Qxd4 ({Much weaker is} 28... Bxd4 $6 29. Ngf5 $16) 29. Nhf5 {[#]} Qb4 $1 30. Qg4 {[#]} (30. Kh2 $17) 30... Qxg4 $2 (30... Bxf2+ $1 $19 {[%mdl 512]} 31. Kxf2 Qxb2+ {[%mdl 64] Double Attack} 32. Ne2 Rxe2+ 33. Qxe2 Qxa1) 31. hxg4 $15 Rd8 32. Rc1 Rd7 33. b4 Kh7 34. Nh5 (34. Kf1 $11 {remains equal.}) 34... Bxh5 (34... Rd2 $17 35. Ne3 Rb2) 35. gxh5 $11 Rd2 36. Rc7 $2 {[%mdl 8192]} (36. Ne3 $11) 36... Rd1+ {[%mdl 32768] Accuracy: White = 60%, Black = 66%. . Loss on time!?} 0-1

[Event "Copenhagen Challenge GM 2020"]
[Site "Ballerup"]
[Date "2020.07.23"]
[Round "2.3"]
[White "Hector, Jonny"]
[Black "Thybo, Jesper Sondergaard"]
[Result "1/2-1/2"]
[WhiteElo "2476"]
[BlackElo "2590"]
[Annotator "TA"]
[PlyCount "98"]
[EventDate "2020.07.22"]
[EventType "tourn"]
[EventCountry "DEN"]
[SourceTitle "playchess.com"]
[Source "ChessBase"]
[SourceQuality "1"]

{[%evp 14,98,32,24,33,27,30,21,27,27,18,0,12,6,8,-19,45,-26,-3,-24,-19,-29,0,0,16,17,51,94,70,50,160,63,50,28,95,67,102,92,71,72,94,59,250,258,207,225,258,239,212,207,300,303,284,161,164,161,127,22,266,145,110,21,197,193,157,16,45,0,0,0,0,0,0,0,0,0,0,0,0,0,0,0,0,0,7,0,0]} 1. e4 c5 2. Nf3 Nc6 3. d4 cxd4 4. Nxd4 e5 5. Nb5 d6 6. N1c3 a6 7. Na3 Be6 8. Nc4 Rb8 {B32: Sicilian: Löwenthal and Kalashnikov Variations.} 9. Ne3 Nf6 10. g3 h5 11. Bg2 h4 12. Ned5 Bxd5 {[#]} 13. exd5 $146 ({Predecessor:} 13. Nxd5 Nxd5 14. exd5 Nd4 15. c3 Nf5 16. Bh3 g6 17. Qf3 Qa5 18. Bg5 Be7 19. Bxe7 Nxe7 {0-1 (30) Al Hageri,B (2130)-Khader,S (2416) Dubai 2011}) 13... Nd4 14. O-O Be7 (14... h3 $11 15. Be4 Qa5) 15. Qd3 (15. Ne4 $14) 15... g6 16. a4 Nd7 17. a5 hxg3 18. fxg3 Nc5 19. Qd1 Bg5 20. b4 Bxc1 21. Rxc1 Qc7 (21... Nd7 $1 $14) 22. Re1 (22. bxc5 Qxc5 23. Rf2 Qxc3 $17) ({Better is} 22. Qd2 $16) 22... Kf8 $14 23. Rf1 (23. bxc5 $2 Qxc5 24. Kh1 (24. Re3 $2 Nf5 $19 {[%mdl 64] Pin, Discovered Attack}) 24... Qxc3 $19) 23... Kg7 {[#]} (23... f5 $11 {keeps the balance.}) 24. Rf2 $1 $36 {[%mdl 2048] Black is under pressure.} Nd7 {[#]} 25. Ne4 $1 f5 26. c3 Rbc8 27. Ng5 Rhe8 $2 (27... Nf8 $14) 28. Rf1 $18 Nb5 29. g4 (29. Ne6+ Rxe6 30. dxe6 Nf6) 29... f4 30. c4 Nd4 {[#]} 31. Rxf4 $1 {[%mdl 576] Black must now prevent Rf7+. Deflection} exf4 (31... Ne2+ $142 32. Qxe2 exf4 33. Ne6+ Rxe6 34. dxe6 (34. Qxe6 Rf8 $14) 34... Ne5) 32. Qxd4+ {[%mdl 64] Double Attack} Ne5 33. c5 ({Not} 33. Qxf4 b6 $16) (33. Ne6+ $142 Rxe6 34. dxe6) 33... Kg8 34. Ne6 Qf7 35. Rf1 (35. Qxf4 $16 {aiming for Qe4.} Qxf4 36. Nxf4) 35... g5 $2 (35... f3 $11) 36. cxd6 ({Much less strong is} 36. Nxg5 $6 Qg7 $16) ({White should try} 36. h4 $18) 36... Qf6 $16 37. Kh1 (37. Qf2 $16) 37... Red8 $2 (37... Rc4 $11 {and Black is okay.} 38. Qb6 Rc2) 38. Nxd8 $18 Rxd8 39. h4 (39. h3 $16) 39... Qh8 $1 $11 {[%cal Rh8h4]} 40. Qb6 Qxh4+ {[%mdl 64] Double Attack. The position is equal.} 41. Kg1 Rd7 $1 42. Qf2 {Hoping for Qxh4.} Qxf2+ 43. Rxf2 Nxg4 {[%mdl 4096] Endgame KRB-KRN} 44. Rc2 {Threatens to win with Bh3.} Rxd6 45. Rc7 Nf6 46. b5 axb5 47. Rxb7 {And now Bf1 would win.} g4 ({But not} 47... Nxd5 $2 48. Bxd5+ Rxd5 49. a6 $16) 48. Rxb5 f3 49. Rb6 Rxb6 {Blacks defense is rewarded with a draw. Accuracy: White = 63%, Black = 64%.} 1/2-1/2

[Event "Copenhagen Challenge GM 2020"]
[Site "Ballerup"]
[Date "2020.07.23"]
[Round "2.4"]
[White "Haldorsen, Benjamin"]
[Black "Johansson, Linus"]
[Result "1/2-1/2"]
[WhiteElo "2458"]
[BlackElo "2476"]
[Annotator "TA"]
[PlyCount "82"]
[EventDate "2020.07.22"]
[EventType "tourn"]
[EventCountry "DEN"]
[SourceTitle "playchess.com"]
[Source "ChessBase"]
[SourceQuality "1"]

{[%evp 11,82,14,30,24,18,27,16,25,10,22,13,2,17,14,13,9,41,44,54,53,71,51,36,33,50,-22,0,-62,-62,-62,-62,-77,-63,-81,-63,-75,-68,-75,-72,-65,-60,-60,-35,-94,-27,-94,-94,-97,-36,-49,-36,-36,-36,-36,-36,-36,-36,-36,-22,-22,-22,-22,-26,-26,-10,-10,-10,-10,0,-22,0,-22,0]} 1. e4 c5 2. Nf3 Nc6 3. Bb5 g6 4. Bxc6 bxc6 5. O-O Bg7 6. Re1 Nh6 7. h3 {B31: Sicilian: 2...Nc6 3 Bb5 g6.} O-O 8. c3 f5 9. e5 Nf7 10. d4 cxd4 11. cxd4 c5 12. dxc5 Bb7 13. Na3 {[#]} e6 $146 ({Predecessor:} 13... Qa5 14. Be3 Qb4 15. Nc2 Qxb2 16. Ncd4 Be4 17. Re2 Qb7 18. Rc1 Rac8 19. Bf4 e6 {1-0 (60) Ding,L (2791)-Dubov,D (2699) chess24.com INT 2020}) 14. Nc4 Bd5 15. Qd4 g5 16. Nd6 Nxd6 17. cxd6 f4 18. Nh2 (18. Bd2 $14) 18... h5 19. f3 (19. Bd2 $11) 19... Qb6 $36 {[%mdl 2048] Black is more active.} 20. Qxb6 axb6 21. Bd2 Bxa2 22. Nf1 Kh7 23. Bc3 Bd5 24. Nd2 Kg6 25. Rxa8 Rxa8 26. Ne4 Bc6 27. Kf2 ({Better is} 27. Nf6 $15) 27... b5 (27... Ra4 $17) 28. Nf6 (28. Nc5 $11) 28... Ra4 $17 29. h4 Rc4 ({Black should play} 29... gxh4 $17 30. Ne8 Bh8) 30. Rd1 $1 $15 b4 31. Rd4 Rxd4 32. Bxd4 gxh4 {[%mdl 4096] Endgame KBB-KBN} 33. Kg1 {[#]} h3 $1 {[%mdl 512]} 34. gxh3 Bxf6 ({But not} 34... Bxf3 $2 35. Nxd7 Kf5 36. Kf2 $18) 35. exf6 Bxf3 {KB-KB} 36. h4 Bd5 37. Be5 b3 38. Kf2 {The position is equal.} Kf7 39. Ke2 Kg6 40. Kf2 Kf7 41. Ke2 Kg6 {Accuracy: White = 84%, Black = 83%.} 1/2-1/2